[Event "16. Torneo San Viator"]
[Site "Madrid ESP"]
[Date "2016.04.10"]
[Round "2.18"]
[White "Campos Tores, Jose Luis"]
[Black "Lobato Rivero, Carlos"]
[Result "1/2-1/2"]
[WhiteElo "1813"]
[BlackElo "1963"]
[PlyCount "54"]
[EventDate "2016.04.03"]
[EventType "swiss"]
[EventRounds "9"]
[EventCountry "ESP"]
[Source "lmi"]
[SourceDate "2016.04.03"]

1. e4 c6 2. d4 d5 3. exd5 cxd5 4. c4 Nf6 5. Nc3 Nc6 6. Bg5 dxc4 7. d5 Ne5 8.
Qd4 Nd3+ 9. Bxd3 cxd3 10. Qxd3 g6 11. Nge2 Bg7 12. Ng3 O-O 13. O-O h6 14. Be3
h5 15. Bg5 Nh7 16. Be3 b6 17. Rad1 h4 18. Nge2 h3 19. g3 Bg4 20. f3 Bf5 21. Qd2
Bd7 22. Bh6 Qc7 23. Bxg7 Kxg7 24. Qd4+ Kg8 25. Rfe1 e5 26. Qe3 Rac8 27. Ne4 f5
1/2-1/2

[Event "16. Torneo San Viator"]
[Site "Madrid ESP"]
[Date "2016.04.10"]
[Round "2.19"]
[White "Cardena Contreras, Javier"]
[Black "Fernandez Rios, Jose Francisco"]
[Result "1-0"]
[WhiteElo "1962"]
[BlackElo "1812"]
[PlyCount "83"]
[EventDate "2016.04.03"]
[EventType "swiss"]
[EventRounds "9"]
[EventCountry "ESP"]
[Source "lmi"]
[SourceDate "2016.04.03"]

1. e4 c5 2. Nf3 g6 3. d4 cxd4 4. Qxd4 Nf6 5. e5 Nc6 6. Qa4 Nd5 7. Qe4 Nc7 8.
Bf4 Bg7 9. Nc3 O-O 10. O-O-O e6 11. Qe3 f6 12. exf6 Qxf6 13. Bg5 Qf5 14. Bh6
Nb4 15. Bd3 Nxd3+ 16. Rxd3 Bxh6 17. Qxh6 Qf4+ 18. Qxf4 Rxf4 19. g3 Rf5 20. Ne4
Ne8 21. Re1 b6 22. Nd4 Rf7 23. Nb5 Ba6 24. a4 Bxb5 25. axb5 Nc7 26. Rxd7 Rxd7
27. Nf6+ Kf7 28. Nxd7 Nxb5 29. Ne5+ Ke7 30. f4 Rc8 31. Rd1 Rc7 32. c3 Nd6 33.
Re1 Nc4 34. Nf3 b5 35. Nd4 b4 36. Nxe6 Rc8 37. Nc5+ Kf7 38. cxb4 a5 39. Kb1
axb4 40. Ne4 h6 41. Rc1 Nb6 42. Nd6+ 1-0

[Event "16. Torneo San Viator"]
[Site "Madrid ESP"]
[Date "2016.04.10"]
[Round "2.20"]
[White "Matesanz Bonastre, Rafael"]
[Black "Perez Gonzalez, Daniel"]
[Result "1/2-1/2"]
[WhiteElo "1732"]
[BlackElo "1849"]
[PlyCount "107"]
[EventDate "2016.04.03"]
[EventType "swiss"]
[EventRounds "9"]
[EventCountry "ESP"]
[Source "lmi"]
[SourceDate "2016.04.03"]

1. d4 Nf6 2. c4 c5 3. d5 b5 4. cxb5 a6 5. bxa6 g6 6. g3 Bg7 7. Bg2 d6 8. Nc3
Bxa6 9. Nf3 Nbd7 10. O-O Nb6 11. Re1 O-O 12. e4 Nfd7 13. Bf4 Nc4 14. Qc2 Qa5
15. Rac1 Nce5 16. Red1 Rfb8 17. Nxe5 Nxe5 18. Bxe5 Bxe5 19. Rd2 Rb6 20. Bf1
Bxf1 21. Kxf1 Rab8 22. b3 Qa6+ 23. Qd3 Qxd3+ 24. Rxd3 Rb4 25. Re3 Ra8 26. Re2
c4 27. f4 Bd4 28. Nb1 cxb3 29. axb3 Ra1 30. Rec2 Rxb3 31. Nd2 Rxc1+ 32. Rxc1
Rb2 33. Ke2 Kg7 34. Kd3 Bc5 35. Rc2 Rxc2 36. Kxc2 h5 37. Nf3 e6 38. Kd3 exd5
39. exd5 Kf6 40. Ke4 Bf2 41. Nh4 g5 42. fxg5+ Kxg5 43. Nf5 Bc5 44. h3 f6 45.
Ne7 Bb4 46. Nf5 Bc5 47. Ne7 Ba3 48. Nf5 Bb4 49. Ne3 Bc3 50. h4+ Kg6 51. Nf5 Be5
52. Ne7+ Kf7 53. Nf5 Kf8 54. Kf3 1/2-1/2

[Event "16. Torneo San Viator"]
[Site "Madrid ESP"]
[Date "2016.04.10"]
[Round "2.21"]
[White "Tarrio Ocana, Jose Manuel"]
[Black "Gil Calvente, Jose Antonio"]
[Result "1-0"]
[WhiteElo "1829"]
[BlackElo "1732"]
[PlyCount "93"]
[EventDate "2016.04.03"]
[EventType "swiss"]
[EventRounds "9"]
[EventCountry "ESP"]
[Source "lmi"]
[SourceDate "2016.04.03"]

1. e4 e5 2. Nf3 Nc6 3. Bc4 Nf6 4. d3 Be7 5. O-O O-O 6. c3 d6 7. h3 Bd7 8. a4
Na5 9. Ba2 c5 10. b4 cxb4 11. cxb4 Nc6 12. b5 Na5 13. Bd2 Rc8 14. Bb4 b6 15.
Bxa5 bxa5 16. Nbd2 Rc5 17. Nc4 Qc8 18. Nfd2 Bxh3 19. gxh3 Qxh3 20. Qf3 Qh6 21.
Nb3 Rxc4 22. dxc4 Nh5 23. Nc1 Nf4 24. Ne2 Qg5+ 25. Ng3 f5 26. Bb1 fxe4 27. Qxe4
g6 28. Ra2 Qh4 29. Re1 Nh3+ 30. Kg2 Rf4 31. Qd5+ Kg7 32. Qe6 Rg4 33. Re4 Nf4+
34. Rxf4 exf4 35. Kf3 Rxg3+ 36. fxg3 Qxg3+ 37. Ke2 f3+ 38. Kd1 Qg1+ 39. Kc2 Qg5
40. Kd3 h5 41. Rf2 Kh6 42. Rxf3 h4 43. Qe3 Qxe3+ 44. Rxe3 Bg5 45. Re6 Bf4 46.
Ke2 Kh5 47. Rxg6 1-0

[Event "16. Torneo San Viator"]
[Site "Madrid ESP"]
[Date "2016.04.10"]
[Round "2.22"]
[White "Mena Corrochano, Alberto"]
[Black "Rodriguez Garcia, Alberto"]
[Result "1-0"]
[WhiteElo "2121"]
[BlackElo "1762"]
[PlyCount "102"]
[EventDate "2016.04.03"]
[EventType "swiss"]
[EventRounds "9"]
[EventCountry "ESP"]
[Source "lmi"]
[SourceDate "2016.04.03"]

1. d4 Nf6 2. c4 g6 3. Nc3 Bg7 4. e4 d6 5. f3 O-O 6. Bg5 c5 7. d5 a6 8. a4 Nbd7
9. Nh3 Ne5 10. Nf2 Qb6 11. Rb1 h6 12. Be3 e6 13. Qd2 exd5 14. cxd5 Kh7 15. Be2
Qc7 16. O-O Bd7 17. h3 g5 18. g3 Rae8 19. Kg2 Bc8 20. h4 g4 21. f4 Ng6 22. h5
Ne7 23. Bd3 Kh8 24. Rbe1 Neg8 25. f5 Qe7 26. Rh1 Nd7 27. Nxg4 Ne5 28. Nxe5 Qxe5
29. Bf4 Qe7 30. g4 f6 31. Bg3 Qc7 32. Ne2 Kh7 33. Nf4 Ne7 34. Bb1 b5 35. axb5
axb5 36. Ng6 Rf7 37. Nf4 Ba6 38. Ne6 Qb6 39. Bf4 Rg8 40. Kf3 b4 41. Rhg1 c4 42.
Be3 Qb5 43. Nc7 Qb7 44. Nxa6 Qxa6 45. Qxb4 Nc8 46. Rc1 Rc7 47. Rc3 Na7 48. Qb6
Qa1 49. Qxc7 Qxb2 50. Rc2 Qe5 51. Qxa7 Re8 1-0

[Event "16. Torneo San Viator"]
[Site "Madrid ESP"]
[Date "2016.04.10"]
[Round "2.23"]
[White "Marcos Herrero, Francisco"]
[Black "De Vicente Guijarro, Juan"]
[Result "1-0"]
[WhiteElo "1978"]
[BlackElo "1761"]
[PlyCount "57"]
[EventDate "2016.04.03"]
[EventType "swiss"]
[EventRounds "9"]
[EventCountry "ESP"]
[Source "lmi"]
[SourceDate "2016.04.03"]

1. Nf3 Nf6 2. c4 g6 3. b4 Bg7 4. Bb2 O-O 5. g3 c6 6. Bg2 a5 7. b5 a4 8. O-O Qb6
9. Na3 d5 10. Rb1 Bf5 11. d3 cxb5 12. cxd5 e6 13. Bd4 Qd8 14. Rxb5 exd5 15.
Rxb7 Re8 16. Ne5 Nfd7 17. Nxd7 Bxd4 18. Nxb8 Rxb8 19. Rxb8 Qxb8 20. Bxd5 Qd6
21. Qxa4 Rxe2 22. Qxd4 Qxa3 23. Rb1 Re8 24. Bc4 Qe7 25. a4 Rd8 26. Qc3 Qe2 27.
Re1 Qf3 28. Qf6 Rf8 29. Bxf7+ 1-0

[Event "16. Torneo San Viator"]
[Site "Madrid ESP"]
[Date "2016.04.10"]
[Round "2.24"]
[White "Rosa Ramirez, Victor D"]
[Black "Calvo De Castro, Miguel"]
[Result "0-1"]
[WhiteElo "1972"]
[BlackElo "1759"]
[PlyCount "52"]
[EventDate "2016.04.03"]
[EventType "swiss"]
[EventRounds "9"]
[EventCountry "ESP"]
[Source "lmi"]
[SourceDate "2016.04.03"]

1. e4 e5 2. Nf3 Nc6 3. Bc4 Nf6 4. O-O Nxe4 5. Nc3 Nxc3 6. dxc3 h6 7. Nxe5 Nxe5
8. Re1 Qe7 9. f4 Nxc4 10. Rxe7+ Bxe7 11. Qd4 d5 12. Qxg7 Rf8 13. b3 Nd6 14. Qe5
Be6 15. f5 Bxf5 16. c4 dxc4 17. bxc4 Be6 18. Bf4 O-O-O 19. Rb1 Rd7 20. Qb2 b6
21. Qb3 Nxc4 22. Qg3 Bd5 23. Qc3 Bc5+ 24. Kh1 Rg8 25. Bg3 Ne3 26. Rg1 f5 0-1

[Event "16. Torneo San Viator"]
[Site "Madrid ESP"]
[Date "2016.04.10"]
[Round "2.25"]
[White "Munoz Cebey, Ricardo"]
[Black "Lopez Ziegler, Carlos"]
[Result "1/2-1/2"]
[WhiteElo "1751"]
[BlackElo "1953"]
[PlyCount "97"]
[EventDate "2016.04.03"]
[EventType "swiss"]
[EventRounds "9"]
[EventCountry "ESP"]
[Source "lmi"]
[SourceDate "2016.04.03"]

1. c4 c5 2. Nf3 Nc6 3. Nc3 e5 4. g3 g6 5. Bg2 Bg7 6. O-O d6 7. d3 Nge7 8. a3
O-O 9. Rb1 a5 10. Bd2 Rb8 11. Qa4 h6 12. Ne1 Be6 13. Nc2 d5 14. cxd5 Nxd5 15.
Nxd5 Bxd5 16. Bxd5 Qxd5 17. Ne3 Qe6 18. Qc4 Qxc4 19. Nxc4 b6 20. b4 axb4 21.
axb4 cxb4 22. Bxb4 Rfd8 23. Bd6 Rb7 24. Bc5 b5 25. Nd6 Rbd7 26. Nxb5 Rd5 27.
Rfc1 Rb8 28. Be3 Rdxb5 29. Rxb5 Rxb5 30. Rxc6 Rb2 31. Kf1 Rb1+ 32. Kg2 Rb2 33.
Kf3 Ra2 34. Rc8+ Kh7 35. Rc7 Kg8 36. Rc4 Kh7 37. Bc5 Bf6 38. Bd6 Ra8 39. Re4
Ra5 40. Bc7 Rc5 41. Rc4 Rd5 42. Ke4 Rb5 43. e3 Bg7 44. Bd6 f5+ 45. Kf3 Rd5 46.
Bb4 Rxd3 47. Rc7 Kg8 48. h4 e4+ 49. Kg2 1/2-1/2

[Event "16. Torneo San Viator"]
[Site "Madrid ESP"]
[Date "2016.04.10"]
[Round "2.26"]
[White "Martin Diaz, Juan"]
[Black "Giralda Gomez, David"]
[Result "1-0"]
[WhiteElo "1678"]
[BlackElo "1856"]
[PlyCount "81"]
[EventDate "2016.04.03"]
[EventType "swiss"]
[EventRounds "9"]
[EventCountry "ESP"]
[Source "lmi"]
[SourceDate "2016.04.03"]

1. d4 Nf6 2. Nf3 d5 3. Bg5 c6 4. e3 Bf5 5. Nbd2 Nbd7 6. h3 e6 7. Be2 h6 8. Bf4
Be7 9. c4 Qb6 10. Qb3 Qxb3 11. axb3 O-O 12. c5 a6 13. b4 Ne4 14. Nb3 b5 15. O-O
g5 16. Ne5 Nxe5 17. Bxe5 Bg6 18. Ra3 f5 19. Rfa1 f4 20. Rxa6 Rxa6 21. Rxa6 fxe3
22. f3 Nd2 23. Na5 Be8 24. Nxc6 Bxc6 25. Rxc6 Ra8 26. Rxe6 Kf7 27. Rb6 Ra1+ 28.
Kh2 Nf1+ 29. Bxf1 Rxf1 30. Rxb5 e2 31. Bg3 e1=Q 32. Bxe1 Rxe1 33. Rb7 Ke8 34.
b5 Bf6 35. Kg3 Bxd4 36. b4 Rb1 37. Rb6 h5 38. Re6+ Kd7 39. Rd6+ Kc7 40. Rxd5
Rxb4 41. Rxg5 1-0

[Event "16. Torneo San Viator"]
[Site "Madrid ESP"]
[Date "2016.04.10"]
[Round "2.27"]
[White "De Juan Rivas, Antonio"]
[Black "Cano Mercado, Francisco Manuel"]
[Result "1-0"]
[WhiteElo "1667"]
[BlackElo "1824"]
[PlyCount "109"]
[EventDate "2016.04.03"]
[EventType "swiss"]
[EventRounds "9"]
[EventCountry "ESP"]
[Source "lmi"]
[SourceDate "2016.04.03"]

1. f4 Nf6 2. Nf3 g6 3. e3 Bg7 4. d4 O-O 5. Bd3 d5 6. O-O Bf5 7. Bxf5 gxf5 8.
Qe1 e6 9. Ne5 Nbd7 10. Nd2 Nb6 11. b3 Ne4 12. Ndf3 Re8 13. Bd2 Rc8 14. Qe2 c5
15. dxc5 Rxc5 16. Bb4 Rc7 17. Rad1 Qc8 18. Nd4 Nd7 19. Nxd7 Qxd7 20. Nb5 Rxc2
21. Qxc2 Qxb5 22. Be1 Qb6 23. Rf3 Bf8 24. Rh3 Nf6 25. Qf2 Ng4 26. Rg3 Bg7 27.
Qe2 h5 28. h3 h4 29. Rf3 Nf6 30. Bxh4 Ne4 31. Rc1 d4 32. exd4 Qxd4+ 33. Kh2 e5
34. Rd3 Qb6 35. fxe5 Bxe5+ 36. Kh1 Kf8 37. Qf3 Qg6 38. Rd7 Qe6 39. Rxb7 Nd6 40.
Rbc7 Ne4 41. R7c6 Bd6 42. Qh5 Qg6 43. Qh8+ Qg8 44. Qxg8+ Kxg8 45. Rc8 Rxc8 46.
Rxc8+ Kg7 47. Kg1 Bf4 48. Kf1 Kg6 49. Bf2 a5 50. Be1 Ng3+ 51. Bxg3 Bxg3 52. Rc5
Kg5 53. Rxa5 Bc7 54. Ra7 Bb6 55. Rxf7 1-0

[Event "16. Torneo San Viator"]
[Site "Madrid ESP"]
[Date "2016.04.10"]
[Round "2.28"]
[White "Gonzalez Berrendero, Carlos"]
[Black "Campos Diaz, Fernando"]
[Result "1-0"]
[WhiteElo "1822"]
[BlackElo "1677"]
[PlyCount "88"]
[EventDate "2016.04.03"]
[EventType "swiss"]
[EventRounds "9"]
[EventCountry "ESP"]
[Source "lmi"]
[SourceDate "2016.04.03"]

1. b4 e5 2. Bb2 Bxb4 3. Bxe5 Nf6 4. Nf3 O-O 5. e3 d5 6. Be2 c5 7. O-O Nc6 8.
Bb2 Re8 9. d3 Bg4 10. Nbd2 Bf5 11. Nb3 Qd6 12. a3 Ba5 13. Nxa5 Nxa5 14. Nh4 Bd7
15. g3 Bh3 16. Re1 Re7 17. Bf1 Bg4 18. Qd2 Nc6 19. Be2 Bd7 20. Ng2 Rae8 21. Nf4
d4 22. Bf1 Ne5 23. Bg2 g5 24. exd4 cxd4 25. Ne2 h6 26. Nxd4 Nc6 27. Nb5 Rxe1+
28. Rxe1 Rxe1+ 29. Qxe1 Qc5 30. Bxf6 Qxb5 31. Be4 Be6 32. Kg2 Qc5 33. Qb1 b6
34. Qb2 Bd5 35. Bxd5 Qxd5+ 36. Kg1 Qf5 37. Qc3 Qe6 38. h4 gxh4 39. Bxh4 Ne5 40.
d4 Ng6 41. Qc7 Nxh4 42. Qd8+ Kh7 43. Qxh4 Qe1+ 44. Kg2 Qe4+ 1-0

[Event "16. Torneo San Viator"]
[Site "Madrid ESP"]
[Date "2016.04.10"]
[Round "2.29"]
[White "Barahona Torrijos, Angel"]
[Black "Ramirez De La Piscina G, Juan"]
[Result "1-0"]
[WhiteElo "1804"]
[BlackElo "1656"]
[PlyCount "25"]
[EventDate "2016.04.03"]
[EventType "swiss"]
[EventRounds "9"]
[EventCountry "ESP"]
[Source "lmi"]
[SourceDate "2016.04.03"]

1. e4 d5 2. Nf3 dxe4 3. Ng5 Nf6 4. Bc4 e6 5. Nc3 Bc5 6. Ngxe4 Nxe4 7. Nxe4 Bb6
8. c3 Nc6 9. d4 Ne7 10. Bg5 Qd7 11. Bf6 Qc6 12. Qe2 Rg8 13. Bb5 1-0

[Event "16. Torneo San Viator"]
[Site "Madrid ESP"]
[Date "2016.04.10"]
[Round "2.30"]
[White "Lopez Ziegler, Juan Jose"]
[Black "Mendez Martinez, Miguel Angel"]
[Result "1/2-1/2"]
[WhiteElo "1609"]
[BlackElo "1802"]
[PlyCount "83"]
[EventDate "2016.04.03"]
[EventType "swiss"]
[EventRounds "9"]
[EventCountry "ESP"]
[Source "lmi"]
[SourceDate "2016.04.03"]

1. d4 Nf6 2. Nf3 g6 3. c4 Bg7 4. Nc3 d5 5. Bf4 c6 6. e3 O-O 7. h3 Qb6 8. Qb3
Qxb3 9. axb3 Bf5 10. c5 Nbd7 11. g4 Bc2 12. Nd2 Ne4 13. Ncxe4 dxe4 14. Rc1 Bd3
15. Bxd3 exd3 16. Nf3 f6 17. g5 e5 18. gxf6 exf4 19. fxg7 Kxg7 20. e4 Nf6 21.
Nd2 f3 22. O-O Nh5 23. Nc4 Nf4 24. Rcd1 Nxh3+ 25. Kh2 Nf4 26. Ne5 Rae8 27. Rfe1
Ng2 28. Rg1 Rxe5 29. dxe5 Nf4 30. Rge1 g5 31. Re3 g4 32. Rdxd3 Nxd3 33. Rxd3
Rf7 34. Rd6 Re7 35. e6 Kf6 36. Kg3 h5 37. Kf4 Rxe6 38. e5+ Ke7 39. Kf5 Rxd6 40.
cxd6+ Ke8 41. Kf6 g3 42. e6 1/2-1/2

[Event "16. Torneo San Viator"]
[Site "Madrid ESP"]
[Date "2016.04.10"]
[Round "2.31"]
[White "Sanchez Gomez, Emiliano"]
[Black "Mosteiro Montoro, Alvaro"]
[Result "1-0"]
[WhiteElo "1800"]
[BlackElo "1533"]
[PlyCount "63"]
[EventDate "2016.04.03"]
[EventType "swiss"]
[EventRounds "9"]
[EventCountry "ESP"]
[Source "lmi"]
[SourceDate "2016.04.03"]

1. e4 c5 2. c3 Nc6 3. d4 cxd4 4. cxd4 d5 5. exd5 Qxd5 6. Nf3 Bg4 7. Nc3 Qd8 8.
d5 Bxf3 9. Qxf3 Nd4 10. Qd1 e5 11. dxe6 fxe6 12. Qa4+ Nc6 13. Bb5 Nge7 14. O-O
a6 15. Be2 Qd4 16. Qb3 Qe5 17. Qxb7 Ra7 18. Qb3 Nd4 19. Qa4+ Nec6 20. Bd3 Bd6
21. f4 Qc5 22. Kh1 Qb4 23. Qd1 O-O 24. Ne4 Nf5 25. Ng5 Ncd4 26. a3 Qb3 27. Bxf5
Qxd1 28. Bxh7+ Kh8 29. Rxd1 Nb3 30. Be3 Nxa1 31. Bxa7 Rxf4 32. Rxd6 1-0

[Event "16. Torneo San Viator"]
[Site "Madrid ESP"]
[Date "2016.04.10"]
[Round "2.32"]
[White "Juzgado Niella, Angel Luis"]
[Black "Vaquerizo Calvo, Miguel A"]
[Result "0-1"]
[WhiteElo "1566"]
[BlackElo "1797"]
[PlyCount "102"]
[EventDate "2016.04.03"]
[EventType "swiss"]
[EventRounds "9"]
[EventCountry "ESP"]
[Source "lmi"]
[SourceDate "2016.04.03"]

1. e4 c5 2. Nf3 d6 3. d4 cxd4 4. Nxd4 Nf6 5. Nc3 g6 6. Be3 Bg7 7. f3 O-O 8. Qd2
Nc6 9. O-O-O d5 10. Qe1 e5 11. Nxc6 bxc6 12. exd5 Nxd5 13. Bc4 Be6 14. Kb1 Qe7
15. Nxd5 cxd5 16. Bxd5 Bxd5 17. Rxd5 Rab8 18. Bc1 Rfc8 19. Qe4 f5 20. Qd3 e4
21. Qd2 e3 22. Qe2 Qb7 23. c4 f4 24. Rhd1 Qb4 25. Rb5 Rxb5 26. cxb5 Rb8 27. Rd5
Qe7 28. b3 Qe6 29. Rc5 Rc8 30. Rxc8+ Qxc8 31. Bb2 Qf5+ 32. Kc1 Qc5+ 33. Kd1
Bxb2 34. Qxb2 Qxb5 35. Qe2 Qd5+ 36. Kc2 Qf5+ 37. Kc1 Qc5+ 38. Kd1 Qd4+ 39. Kc2
Kf7 40. g3 g5 41. gxf4 gxf4 42. a3 Kf6 43. b4 Qd6 44. Kc1 Qc6+ 45. Kb2 Ke5 46.
Kb1 Qg6+ 47. Kc1 Qg1+ 48. Kc2 Qf2 49. Kd3 Qxe2+ 50. Kxe2 Kd4 51. a4 Kc4 0-1

[Event "16. Torneo San Viator"]
[Site "Madrid ESP"]
[Date "2016.04.10"]
[Round "2.33"]
[White "Jimenez Gonzalez, Marcos"]
[Black "Blasco Gallardo, Francisco"]
[Result "1-0"]
[WhiteElo "1788"]
[BlackElo "1421"]
[PlyCount "87"]
[EventDate "2016.04.03"]
[EventType "swiss"]
[EventRounds "9"]
[EventCountry "ESP"]
[Source "lmi"]
[SourceDate "2016.04.03"]

1. d4 Nf6 2. c4 c5 3. d5 g6 4. Nc3 Bg7 5. Nf3 O-O 6. g3 d6 7. Bg2 e6 8. O-O
exd5 9. cxd5 Re8 10. h3 a6 11. a4 Nbd7 12. Nd2 Qc7 13. Nc4 Nb6 14. Nxb6 Qxb6
15. a5 Qc7 16. Qc2 b5 17. axb6 Qxb6 18. Rb1 Ra7 19. e4 Rae7 20. Be3 Qd8 21. b3
Nd7 22. Bg5 f6 23. Be3 f5 24. exf5 gxf5 25. Ne2 Nf6 26. Nf4 Ne4 27. Bxe4 fxe4
28. Kg2 Rf7 29. Qc4 Qe7 30. b4 Bd4 31. Bxd4 cxd4 32. Qxd4 Rxf4 33. gxf4 Qh4 34.
Qe3 Re7 35. Rh1 Bf5 36. Kf1 Rc7 37. Rg1+ Kf7 38. Rg3 Qf6 39. Rc1 Rxc1+ 40. Qxc1
Qe7 41. Qc3 Qf6 42. Qc7+ Kf8 43. Qb8+ Kf7 44. Qg8+ 1-0

[Event "16. Torneo San Viator"]
[Site "Madrid ESP"]
[Date "2016.04.10"]
[Round "2.34"]
[White "Gonzalez Hilla, Antonio"]
[Black "Martin Lozano, Miguel Angel"]
[Result "0-1"]
[WhiteElo "1484"]
[BlackElo "1777"]
[PlyCount "58"]
[EventDate "2016.04.03"]
[EventType "swiss"]
[EventRounds "9"]
[EventCountry "ESP"]
[Source "lmi"]
[SourceDate "2016.04.03"]

1. c4 e6 2. Nc3 f5 3. d4 Bb4 4. Bf4 Bxc3+ 5. bxc3 d6 6. Qa4+ Bd7 7. Qb3 b6 8.
Nf3 Qe7 9. e3 Nf6 10. Bd3 c5 11. O-O Nc6 12. Rfe1 Ne4 13. Qc2 e5 14. Bxe4 fxe4
15. Qxe4 exf4 16. Qxf4 Rf8 17. Qg3 Rf6 18. Qh4 Rh6 19. Qf4 O-O-O 20. d5 Ne5 21.
Nd2 Nd3 22. Qf3 Rf8 23. Qe2 Nxe1 24. Rxe1 Qh4 25. Nf3 Qh5 26. h4 Bg4 27. e4
Rxf3 28. Qd2 Qxh4 29. Kf1 Rd3 0-1

[Event "16. Torneo San Viator"]
[Site "Madrid ESP"]
[Date "2016.04.17"]
[Round "3.1"]
[White "Martinez Reyes, Pedro Ramon"]
[Black "Lopez-Andujar Ocaña, Antonio"]
[Result "1-0"]
[WhiteElo "2304"]
[BlackElo "2051"]
[PlyCount "67"]
[EventDate "2016.04.03"]
[EventType "swiss"]
[EventRounds "9"]
[EventCountry "ESP"]
[Source "lmi"]
[SourceDate "2016.04.03"]

1. e4 e5 2. Nf3 Nc6 3. d4 exd4 4. Nxd4 Nf6 5. Nxc6 bxc6 6. Bd3 d5 7. exd5 cxd5
8. O-O Be7 9. Bg5 Bg4 10. Bb5+ Kf8 11. Be2 Bxe2 12. Qxe2 h6 13. Bh4 Rb8 14. Nc3
c6 15. b3 g6 16. Rfe1 Rb7 17. Qa6 Rc7 18. Bg3 Qc8 19. Qd3 Rb7 20. Bh4 Bd8 21.
Na4 Nd7 22. Qc3 Rg8 23. Bxd8 Qxd8 24. Qxc6 Rc7 25. Qxd5 Rxc2 26. Rac1 Rxc1 27.
Rxc1 Qe7 28. Kf1 Nf6 29. Qc5 Ne8 30. Qd4 g5 31. Re1 Qc7 32. Nc5 Nd6 33. Re6 Rg6
34. Rxg6 1-0

[Event "16. Torneo San Viator"]
[Site "Madrid ESP"]
[Date "2016.04.17"]
[Round "3.2"]
[White "Unciti Juan, Javier"]
[Black "Suarez Uriel, Adrian"]
[Result "1-0"]
[WhiteElo "2048"]
[BlackElo "2294"]
[PlyCount "79"]
[EventDate "2016.04.03"]
[EventType "swiss"]
[EventRounds "9"]
[EventCountry "ESP"]
[Source "lmi"]
[SourceDate "2016.04.03"]

1. e4 c5 2. f4 d5 3. exd5 Nf6 4. Bb5+ Nbd7 5. c4 a6 6. Bxd7+ Qxd7 7. d3 e6 8.
Qe2 Bd6 9. dxe6 Qxe6 10. Qxe6+ Bxe6 11. Nf3 Bf5 12. O-O O-O-O 13. Ne5 Bxe5 14.
fxe5 Bxd3 15. Re1 Rhe8 16. Nc3 Ng4 17. Bf4 Rd4 18. Bg3 Rxc4 19. h3 Nh6 20. Rac1
Nf5 21. b3 Rb4 22. Bf2 b6 23. Nd5 Rb5 24. Rc3 c4 25. bxc4 Rb1 26. Rxd3 Rxe1+
27. Bxe1 Rxe5 28. Nxb6+ Kb7 29. Bf2 Kc6 30. Rd5 f6 31. Rxe5 fxe5 32. Kf1 Nd6
33. Ke2 Ne4 34. Nd5 Nxf2 35. Kxf2 Kc5 36. Ne3 Kd4 37. Kf3 g6 38. g3 h6 39. g4
g5 40. Ke2 1-0

[Event "16. Torneo San Viator"]
[Site "Madrid ESP"]
[Date "2016.04.17"]
[Round "3.3"]
[White "Mazo Fernandez, Roberto"]
[Black "Montes Gutierrez, Ignacio"]
[Result "0-1"]
[WhiteElo "1990"]
[BlackElo "2272"]
[PlyCount "119"]
[EventDate "2016.04.03"]
[EventType "swiss"]
[EventRounds "9"]
[EventCountry "ESP"]
[Source "lmi"]
[SourceDate "2016.04.03"]

1. d4 Nf6 2. c4 e6 3. Nc3 Bb4 4. Nf3 c5 5. e3 Nc6 6. Bd3 d6 7. Qc2 e5 8. d5 Ne7
9. Nd2 Bxc3 10. Qxc3 O-O 11. b4 Nexd5 12. cxd5 Nxd5 13. Qb3 Nxb4 14. O-O Be6
15. Qb1 Qh4 16. a3 Nxd3 17. Qxd3 d5 18. Qc3 f6 19. Qxc5 Rfc8 20. Qd6 Rc6 21.
Qe7 b6 22. Qb4 Qh5 23. Bb2 Rac8 24. Rac1 Rxc1 25. Bxc1 Qe2 26. Qd6 Kf7 27. a4
Rc2 28. Nf3 Qc4 29. Ba3 Qc7 30. Qxc7+ Rxc7 31. Rc1 Rxc1+ 32. Bxc1 a5 33. Kf1
Bd7 34. Ke2 Bxa4 35. Kd2 Bb5 36. Kc3 Bf1 37. g3 b5 38. Nd2 b4+ 39. Kc2 Bb5 40.
Nb3 a4 41. Nc5 Kg6 42. Bd2 b3+ 43. Kb2 Kh5 44. h3 Bf1 45. Nxa4 Bxh3 46. Nc3 Be6
47. f3 g5 48. e4 d4 49. Nd5 f5 50. Nf6+ Kg6 51. Nd5 h5 52. exf5+ Kxf5 53. Ne7+
Kf6 54. Nc6 Bd5 55. Bxg5+ Kxg5 56. Nxe5 Kf5 57. Nd3 Bxf3 58. Kxb3 Kg4 59. Nf4
h4 60. gxh4 0-1

[Event "16. Torneo San Viator"]
[Site "Madrid ESP"]
[Date "2016.04.17"]
[Round "3.4"]
[White "Renteria, Jorge"]
[Black "Gueler Berdasco, Martin"]
[Result "1-0"]
[WhiteElo "2258"]
[BlackElo "1904"]
[PlyCount "51"]
[EventDate "2016.04.03"]
[EventType "swiss"]
[EventRounds "9"]
[EventCountry "ESP"]
[Source "lmi"]
[SourceDate "2016.04.03"]

1. e4 c5 2. Nf3 d6 3. d4 cxd4 4. Nxd4 Nf6 5. Nc3 a6 6. h3 e5 7. Nde2 b5 8. g4
Bb7 9. Bg2 b4 10. Nd5 Nxd5 11. exd5 Nd7 12. O-O h5 13. gxh5 Rxh5 14. Nd4 g6 15.
Nc6 Qh4 16. a3 f5 17. f4 bxa3 18. Rxa3 Kf7 19. Be3 Bh6 20. Rb3 Bc8 21. Qe2 e4
22. Bf2 Qf6 23. Bd4 Qh4 24. Bf2 Qf6 25. Be3 g5 26. Qxh5+ 1-0

[Event "16. Torneo San Viator"]
[Site "Madrid ESP"]
[Date "2016.04.17"]
[Round "3.5"]
[White "Luna Hermoso, Angel"]
[Black "Fernandez Lledo, Javier"]
[Result "0-1"]
[WhiteElo "1960"]
[BlackElo "2248"]
[PlyCount "66"]
[EventDate "2016.04.03"]
[EventType "swiss"]
[EventRounds "9"]
[EventCountry "ESP"]
[Source "lmi"]
[SourceDate "2016.04.03"]

1. e4 c5 2. Nf3 e6 3. d4 cxd4 4. Nxd4 Nc6 5. Nc3 Qc7 6. Be3 a6 7. Nb3 Nf6 8. a3
Be7 9. Be2 b5 10. O-O d6 11. f4 O-O 12. Bf3 Bb7 13. Qd2 Rad8 14. Qf2 Qb8 15.
Rad1 Rc8 16. Rfe1 Qa8 17. Rd2 Rfe8 18. Red1 Bf8 19. g4 g5 20. f5 Ne5 21. Bxg5
Rxc3 22. bxc3 Bxe4 23. Bxf6 Nxf3+ 24. Kf1 exf5 25. gxf5 Nxd2+ 26. Rxd2 Bxf5 27.
Qg3+ Bg6 28. h4 Qh1+ 29. Kf2 Qe1+ 30. Kg2 Re2+ 31. Rxe2 Qxe2+ 32. Kh3 Qf1+ 33.
Kh2 Qxf6 0-1

[Event "16. Torneo San Viator"]
[Site "Madrid ESP"]
[Date "2016.04.17"]
[Round "3.6"]
[White "Camarero Izquierdo, Juan Carlos"]
[Black "Garcia Dorado, Alberto"]
[Result "0-1"]
[WhiteElo "1810"]
[BlackElo "2062"]
[PlyCount "104"]
[EventDate "2016.04.03"]
[EventType "swiss"]
[EventRounds "9"]
[EventCountry "ESP"]
[Source "lmi"]
[SourceDate "2016.04.03"]

1. d4 d5 2. Nc3 f5 3. Bg5 g6 4. f3 Bg7 5. Qd3 c6 6. O-O-O Nf6 7. Bxf6 Bxf6 8.
e4 O-O 9. e5 Bg5+ 10. Kb1 e6 11. g3 b5 12. h4 Be7 13. f4 h5 14. Nf3 Kg7 15. Ng5
a5 16. Ne2 Na6 17. Qe3 a4 18. g4 fxg4 19. Ng3 Bd7 20. Bd3 c5 21. Bxg6 Kxg6 22.
Qd3+ Rf5 23. Nxf5 exf5 24. e6 Bxg5 25. hxg5 Bxe6 26. Qe3 Qd6 27. Rde1 Re8 28.
Qf2 Rh8 29. Re5 c4 30. Rhe1 Nc7 31. R1e3 b4 32. Qe1 Re8 33. a3 b3 34. Qa5 bxc2+
35. Kxc2 h4 36. Qxa4 g3 37. Kd2 g2 38. Qd1 Qb6 39. Kc1 Rb8 40. b4 cxb3 41. Kb1
Qc6 42. Re1 h3 43. R5e2 Bf7 44. Qd3 Rh8 45. Qg3 Nb5 46. Rc1 Nxa3+ 47. Kb2 Qxc1+
48. Kxc1 h2 49. Rxg2 h1=Q+ 50. Rg1 Qe4 51. Qxb3 Qxd4 52. Rd1 Rc8+ 0-1